=LDR 00000nam 2200000 4500 =001 001054 =005 20250713084148 =035 ##$$a 0010-0725000935 =007 ta =008 250713################a##########0#ind## =020 ##$$a 978-623-307-392-9 =082 ##$$a 398. 209 598 =084 ##$$a 398. 209 598 MIS h =100 #$$a Mishomar, Godfrey =245 1#$$a Hari Ulang Tahun Neema /$c Godfrey Mishomar =250 ##$$a Cetakan Pertama =260 ##$$a Jakarta Timur :$b Badan Pengembangan dan Pembinaan Bahasa,$c 2024 =300 ##$$a 14 hlm. : $b Ilus. ; $c 21 cm =600 #4$$a Cerita anak Indonesia-Terjemahan =990 ##$$a TBM202400648